| 000 | 00802nam a2200181 i 4500 | ||
|---|---|---|---|
| 001 | 184563 | ||
| 003 | ES-MaACL | ||
| 005 | 20230906222227.0 | ||
| 008 | 151022s1836 sp |||| | spa d | ||
| 245 | 0 | 0 |
_aColeccion de Cortes de los reynos de León y de Castilla / _cdada á luz por la Real Academia de la Historia. |
| 260 |
_a[S.l.] : _b[s.n.], _c1836 ( _eMadrid : _fImp. de Marcelino Calero y Portocarrero) |
||
| 300 |
_a1 v. (pag. var.) ; _c26 cm. |
||
| 500 | _aSon 38 cuadernos en 1 vol. con las actas de las Cortes de Castilla, Aragón, Cataluña y Navarra desde el siglo XI al XIV. | ||
| 651 | 4 |
_aLeón (Reino)- _xHistoria- _vFuentes. _9157979 |
|
| 651 | 4 |
_aCastilla (Reino)- _xHistoria- _vFuentes. _9146746 |
|
| 710 | 2 |
_aReal Academia de la Historia (España) _96309 |
|
| 852 |
_aES-MaACL _jB-9449 |
||
| 999 |
_c184563 _d184563 |
||